书目信息 |
| 题名: |
解放战争初期苏皖边区教育
|
|
| 作者: | 戴伯韬 编 | |
| 分册: | ||
| 出版信息: | 北京 人民教育出版社 1982 |
|
| 页数: | 338页 | |
| 开本: | 21cm | |
| 丛书名: | ||
| 单 册: | ||
| 中图分类: | G529.6 | |
| 科图分类: | ||
| 主题词: | 第三次国内革命战争-老解放区教育--华东地区--史料 , 老解放区教育-第三次国内革命战争--华东地区--史料 | |
| 电子资源: | ||
| ISBN: | ||
| 000 | 00760nam0 2200253 45 | |
| 001 | 0182003886 | |
| 005 | 20040424162648.7 | |
| 010 | @dCNY0.99 | |
| 091 | @a7012.0616 | |
| 100 | @a19950508d1982 em y0chiy0121 ea | |
| 101 | 0 | @achi |
| 102 | @aCN@b110000 | |
| 105 | @ay z 000yy | |
| 106 | @ar | |
| 200 | 10 | @a解放战争初期苏皖边区教育@Ajie fang zhan zheng chu qi su wan bian qu jiao yu@f戴伯韬编 |
| 210 | @a北京@c人民教育出版社@d1982 | |
| 215 | @a338页@d21cm | |
| 606 | @a第三次国内革命战争-老解放区教育@y华东地区@x史料 | |
| 606 | @a老解放区教育-第三次国内革命战争@y华东地区@x史料 | |
| 690 | @aG529.6@v3 | |
| 701 | 0 | @a戴伯韬@Adai bai tao@4编 |
| 801 | 0 | @aCN@b上海图书馆@c20040424 |
| 801 | 2 | @aCN@bNLC@c20040424 |
| 905 | @f2@b169845-846@dG529.6@e16 | |
| 解放战争初期苏皖边区教育/戴伯韬编.-北京:人民教育出版社,1982 |
| 338页;21cm |
| ISBN :CNY0.99 |
| ● |
| 相关链接 |
|
|
|
|
正题名:解放战争初期苏皖边区教育
索取号:G529.6/16
 
预约/预借
| 序号 | 登录号 | 条形码 | 馆藏地/架位号 | 状态 | 备注 |
| 1 | 0169845 | 000212095 | 密集书库/ [索取号:G529.6/16] | 在馆 | |
| 2 | 0169846 | 000212059 | 密集书库/ [索取号:G529.6/16] | 在馆 | |
| 3 | 0169847 | 000462421 | 第一样本阅览室/ [索取号:G529.6/16] | 在馆 |